000 00312nam a22001337a 4500
008 171020b xxu||||| |||| 00| 0 eng d
020 _a9780789504135
041 _aeng
080 _22ND
_a338
100 _a54
101 _aMIS
245 _aMANAGEMENT OF INFORMATION TECHNOLOGY
_cFRENZEL,C.W
942 _2udc
_cBK
999 _c35100
_d35100